000 00698nam a2200229 a 4500
005 20171201131800.0
008 140304b1999 bo d|||| |||| 00| 0 spa d
040 _aCO-BoIAVH
_cCO-BoIAVH
041 0 _aspa
044 _abo
082 0 4 _a630.68
_bE82m
110 _bMinisterio de Desarrollo Sostenible y Planificación
_cBolivia
_987554
245 _aEstrategia Nacional de Seguridad de la Biotecnología
260 _aLa Paz ;
_bPNUMA ;
_bFMAM :
_c1999.
300 _a30 páginas.
_bgráficas.
_c28 x 21 cm.
650 _aBiotecnología
_987555
650 _aSeguridad
_987556
650 _aBioseguridad
_987557
650 _aLegislación
_987558
662 _aBolivia
942 _cLIBRO
_2ddc
999 _c2179
_d2179